Конструктор ОРС-серверов - MasterOPC; Промышленные АСУ и контроллеры; № 10

Detalles Bibliográficos
Parent link:Промышленные АСУ и контроллеры: ежемесячный научно-технический производственный журнал.— , 2002-
№ 10.— 2003.— С. 12-13
Autor Principal: Бессмертных С. С.
Idioma:ruso
Publicado: 2003
Subjects:
Formato: MixedMaterials Capítulo de libro
KOHA link:https://koha.lib.tpu.ru/cgi-bin/koha/opac-detail.pl?biblionumber=388800

MARC

LEADER 00000naa2a2200000 4500
001 388800
005 20231101063805.0
035 |a (RuTPU)RU\TPU\prd\20305 
090 |a 388800 
100 |a 20031208a2003 k y0rusy50 ca 
101 0 |a rus 
102 |a RU 
200 1 |a Конструктор ОРС-серверов - MasterOPC  |f С. С. Бессмертных 
461 1 |0 (RuTPU)RU\TPU\prd\2287  |t Промышленные АСУ и контроллеры  |o ежемесячный научно-технический производственный журнал  |d 2002- 
463 1 |0 (RuTPU)RU\TPU\prd\19395  |t № 10  |v С. 12-13  |d 2003 
610 1 |a контроллеры 
610 1 |a стандарты 
610 1 |a системы автоматики 
610 1 |a промышленная автоматика 
700 1 |a Бессмертных  |b С. С. 
801 1 |a RU  |b 63413507  |c 20031208  |g PSBO 
942 |c BK